000 01337nam a22003497a 4500
003 CHAP
005 20220329143421.0
008 090529s2003 mx a r 00010 spa d
010 _a96282
011 _a97254
035 _a107917
040 _cCHAP
090 _aFolleto 17416
100 0 0 _aMarielle, Catherine
_e, coord.
_971367
245 1 0 _aNormas y acuerdos, fondo colectivo de semillas nativas de maíz :
_btaller de intercambio campesino y capacitación experiencia piloto SAS, región Centro Montaña de Guerrero
_c/coord.por Catherine Marielle y Celerino Tlacotempa
260 _aMéxico, D.F. :
_bGrupo de Estudios Ambientales,
_c2003
300 _a19 p. :
_bcuadros, ilus., anexo
500 _aPrograma: Sistemas alimentarios sustentables.
590 _aBATCH-UPD
_b10
_c20130110
_lUCH01
_h0616
590 _aBATCH-UPD
_b10
_c20130410
_lUCH01
_h0258
590 _aBATCH-UPD
_b10
_c20130914
_lUCH01
_h1756
590 _aCONVERSION
_b10
_c20130109
_lUCH01
_h1353
650 1 4 _aMaíz
_xSemilla.
_971059
650 1 4 _aMaíz
_xVariedades.
_971081
650 1 4 _aSemillas
_xLegislación.
_9103908
650 1 4 _aSemillas
_xNormas de calidad.
_9103921
700 1 _aTlacotempa, Celerino
_e, coord.
_9113456
901 _aBK
911 _aen proceso
942 _cFOLL
949 _aFolleto 17416
_bBC
_cFOLL
_d33724002081355
_eTS1
_i107917
_sb
999 _c96282
_d96282